Organizational behavior / (Record no. 10559)

MARC details
000 -LEADER
fixed length control field 00740cam a22002292 4500
001 - CONTROL NUMBER
control field 0000001814
005 - DATE AND TIME OF LATEST TRANSACTION
control field 20151217154331.0
008 - FIXED-LENGTH DATA ELEMENTS--GENERAL INFORMATION
fixed length control field 070327s xx 000 0 eng d
020 ## - INTERNATIONAL STANDARD BOOK NUMBER
International Standard Book Number 0030989175 :
040 ## - CATALOGING SOURCE
Original cataloging agency KABU
Transcribing agency KABU
050 #0 - LIBRARY OF CONGRESS CALL NUMBER
Classification number HD58.7
Item number .V43 1995
100 1# - MAIN ENTRY--PERSONAL NAME
Personal name Vecchio, Robert P.
-- 0000150837
245 10 - TITLE STATEMENT
Title Organizational behavior /
Statement of responsibility, etc. Robert P. Vecchio.
250 ## - EDITION STATEMENT
Edition statement 3rd ed.
260 ## - PUBLICATION, DISTRIBUTION, ETC. (IMPRINT)
Place of publication, distribution, etc. Fort Worth :
Name of publisher, distributor, etc. Dryden Press/Harcourt Brace College Publishers,
Date of publication, distribution, etc. c1995.
300 ## - PHYSICAL DESCRIPTION
Extent xxiv, 726 p. :
Other physical details ill. ;
Dimensions 24 cm.
440 #4 - SERIES STATEMENT/ADDED ENTRY--TITLE
Title The Dryden Press series in management
-- 0000150682
650 #0 - SUBJECT ADDED ENTRY--TOPICAL TERM
Topical term or geographic name as entry element Organizational behavior.
-- 0000150790
908 ## - PUT COMMAND PARAMETER (RLIN)
Put command parameter 070327
950 ## - LOCAL HOLDINGS (RLIN)
-- 1
Holdings
Withdrawn status Lost status Source of classification or shelving scheme Not for loan Home library Current library Date acquired Total Checkouts Total Renewals Full call number Barcode Date last seen Date last checked out Price effective from Koha item type
    Library of Congress Classification   Kabarak, Main Campus Kabarak, Main Campus 17/12/2015 3 1 HD58.7 .V43 1995 001542 02/08/2024 18/07/2019 17/12/2015 General Collection
Designed with assistance from East African Informatics Ltd